000 00498nam a22001932 4500
001 0000003212
005 20170406114834.0
008 140602s xx 000 0 eng d
020 _c$
040 _aYour Holding Symbol
_cYour Holding Symbol
100 1 _aDouglas J.W.B.
245 1 4 _aThe home and the school.
250 _a ed.
260 _alondon :
_bA Panther book,
_c1964.
300 _a224 p. ;
_c cm.
504 _aindex.
650 0 _aeducation.
908 _a140602
999 _c3091
_d3091